000 00703nam a2200265Ia 4500
003 OSt
005 20221007105520.0
006 a|||||r|||| 00| 0
007 ta
008 221006b |||||||| |||| 00| 0 eng d
024 _a18,764
037 _cTextual
040 _aLCO
_cLCO
_beng
041 _2eng
_aeng
082 _aZ2,211,45, L2
100 _aRamchandran V.G
_9692170
245 0 _aLaw of Land Acquisition and Compensation
250 _a5th
260 _aLucknow
_bEastern Book Co. India
_c1972
300 _a787
490 _vVol-11
650 _aLAND ACQUISITION
_9706711
942 _hZ2,211,45, L2
_cTEXL
999 _c1188327
_d1188327